000
00283nam a2200109Ia 4500
008
190912s9999||||xx |||||||||||||| ||und||
100
_a
Doctor H.B. Khan
245
0
_a
Islami Usool Ke 14 Asasi Usool -w-Zawabit
260
_a
Karachi
_b
Alhamd Academy
_c
224
300
_a
2016
942
_c
BK
999
_c
7476
_d
7476